| 000 | 00662nam a22002057a 4500 | ||
|---|---|---|---|
| 003 | 0 | ||
| 005 | 20230823121129.0 | ||
| 008 | 230823b xxu||||| |||| 00| 0 eng d | ||
| 020 | _a978-621-427-081-1 | ||
| 050 |
_aQA 76.625 _b.L36 2021 |
||
| 100 | _aLampawog, Harley V. | ||
| 245 |
_aWeb programming using PHP and MySQL _cHarley Lampawog |
||
| 260 |
_aManila _bUnlimited Books Library Services & Publishing Inc. _cc2021 |
||
| 300 |
_axiv, 266 pages ; _c26 cm. |
||
| 500 | _aInternet programming. | ||
| 504 | _aIncludes bibliographical references. | ||
| 650 | _aInternet programming. | ||
| 650 | _aHTML (Document markup language). | ||
| 942 |
_2lcc _cBK |
||
| 999 |
_c365188 _d365188 |
||